000 00934nac a22002657a 4500
001 BR8802119
003 BR-BrBNA
005 20240105120754.0
008 230509b bl.|||m| |||| 00| 0 por d
040 _aBR-BrBNA
_bpor
_cBiblioteca Nacional de Agricultura
072 _aF01
090 _a1126 BR8802119
100 1 _aMelo, G.W.B. de
100 1 _aPraxedes, F.G.
100 1 _aNeves Junior, O.
110 1 _aUnidade de Execucao de Pesquisa de Ambito Territorial de Boa Vista, RR (Brasil)
_910391
245 1 _aCiclo natural do abacaxizeiro "Perola" cultivado em area de Mata de Roraima
260 3 _aBoa Vista, RR (Brasil):
_c1987.
300 _a4 p.
490 _aComunicado Tecnico - Unidade de Execucao de Pesquisa de Ambito Territorial de Boa Vista (Brazil)
_vno. 001
_xISSN 0101-8620
650 _aABACAXI
650 _aPRATICA CULTURAL
909 _a202312
_bLúcia Elande
_c55
_dLúcia Elande
942 _2AGRIS
_n0
_cMS
999 _c281308
_d281308